| 000 | 00475nam a2200121Ia 4500 | ||
|---|---|---|---|
| 008 | 220615s9999||||xx |||||||||||||| ||und|| | ||
| 100 | _aJohn M. Ballato||Sergei L. Pyshkin | ||
| 245 | 0 | _aOptoelectronics - Advanced Materials and Devices | |
| 546 | _aEnglish[eng] | ||
| 650 | _aPhysical Sciences||Engineering and Technology||Optoelectronics||Physics||Optics and Lasers | ||
| 856 | _uhttps://www.intechopen.com/books/optoelectronics-advanced-materials-and-devices | ||
| 942 | _cEB | ||
| 999 |
_c17729 _d17729 |
||